| 000 | 01202cam a22003131 4500 | ||
|---|---|---|---|
| 001 | l 37000151 | ||
| 003 | DLC | ||
| 005 | 20260227111536.0 | ||
| 008 | 720908s1937 dcu b f000 0 eng | ||
| 010 | _al 37000151 | ||
| 035 | _a(OCoLC)401705 | ||
| 040 |
_aDLC _cOClU _dNBrockU _dDLC |
||
| 042 | _apremarc | ||
| 050 | 0 | 0 |
_aHD6093 _b.A35 no. 155 |
| 086 | 0 | _aL 13.3:155 | |
| 100 | 1 | _aPidgeon, Mary Elizabeth | |
| 245 | 1 | 0 |
_aWomen in the economy of the United States of America; _ba summary report, _cby Mary Elizabeth Pidgeon. |
| 246 | 1 | 4 | _aWomen in the United States |
| 260 |
_aWashington, _bU.S. Govt. Print. Off., _c1937. |
||
| 300 |
_aix, 137 p. _bincl. maps, diagrs. _c23 cm. |
||
| 490 | 1 |
_aBulletin of the Women's Bureau, _vno. 155 |
|
| 500 | _aAt head of title: United States Dept. of Labor, Frances Perkins, Secretary; Women's Bureau, Mary Anderson, Director. | ||
| 504 | _a"References": p. 132-135. | ||
| 650 | 0 |
_aWomen _xEmployment _zUnited States. |
|
| 650 | 0 |
_aWomen _xLegal status, laws, etc. _zUnited States. |
|
| 650 | 0 |
_aWomen _zUnited States _xEconomic conditions. |
|
| 710 | 1 |
_aUnited States. _bWomen's Bureau. |
|
| 830 | 0 |
_aBulletin (United States. Women's Bureau) ; _vno. 155 |
|
| 999 |
_c36240 _d36240 |
||